000 00738nam a2200241Ia 4500
003 OSt
005 20220918192936.0
006 a|||||r|||| 00| 0
007 ta
008 220917b |||||||| |||| 00| 0 eng d
024 _a71,214
037 _cTextual
040 _aARTS
_cARTS
_beng
041 _2eng
_aeng
082 _aR3xM72,EW:g, J2-;1
100 _aFritz Charles A.
_980705
245 0 _aBertrand Russell's construction of external world
260 _aLondon
_bRoutledge and Kegan Paul
_c1952
490 _aInternational Library of psychology philosophy and scientific method
650 _aMETAPHYSICS
_913358
942 _hR3xM72,EW:g, J2-;1
_cTEXL
_2CC
999 _c197288
_d197288